书目信息 |
| 题名: |
大学生健康知识教程
|
|
| 作者: | 常玲 主编 | |
| 分册: | ||
| 出版信息: | 北京 经济科学出版社 2011 |
|
| 页数: | 241页 | |
| 开本: | 24cm | |
| 丛书名: | ||
| 单 册: | ||
| 中图分类: | G647.9-43 | |
| 科图分类: | ||
| 主题词: | 大学生--da xue sheng--健康教育--教材 | |
| 电子资源: | ||
| ISBN: | 978-7-5141-0455-4 | |
| 000 | 01027nam0 2200289 450 | |
| 001 | 012001002346 | |
| 005 | 20131028135233.0 | |
| 010 | @a978-7-5141-0455-4@dCNY28.00 | |
| 092 | @aCN@bCEPC111401-0792 | |
| 099 | @aCAL 012011196153 | |
| 100 | @a20110428d2011 em y0chiy50 ea | |
| 101 | 0 | @achi |
| 102 | @aCN@b110000 | |
| 105 | @aa a 000yy | |
| 106 | @ar | |
| 200 | 1 | @a大学生健康知识教程@Ada xue sheng jian kang zhi shi jiao cheng@f常玲主编 |
| 210 | @a北京@c经济科学出版社@d2011 | |
| 215 | @a241页@c图@d24cm | |
| 312 | @a英文并列题名取自封面 | |
| 320 | @a有书目 (第240-241页) | |
| 330 | @a本书包括健康与疾病、行为与健康、心理健康、性卫生、大学生常见传染病、大学生常见内外科疾病、急救与自然灾害自救互救技能、慢性疾病、常见检查及检查的临床意义等内容。 | |
| 510 | 1 | @aHealth education course for college students@zeng |
| 606 | 0 | @a大学生@Ada xue sheng@x健康教育@j教材 |
| 690 | @aG647.9-43@v5 | |
| 701 | 0 | @a常玲@Achang ling@4主编 |
| 801 | 2 | @aCN@b江苏凤凰@c20191020 |
| 905 | @b1228701-4@dG647.9-43@e1387@f4 | |
| 大学生健康知识教程/常玲主编.-北京:经济科学出版社,2011 |
| 241页:图;24cm |
| ISBN 978-7-5141-0455-4:CNY28.00 |
| 本书包括健康与疾病、行为与健康、心理健康、性卫生、大学生常见传染病、大学生常见内外科疾病、急救与自然灾害自救互救技能、慢性疾病、常见检查及检查的临床意义等内容。 |
| ● |
| 相关链接 |
|
|
|
|
正题名:大学生健康知识教程
索取号:G647.9-43/1387
 
预约/预借
| 序号 | 登录号 | 条形码 | 馆藏地/架位号 | 状态 | 备注 |
| 1 | 1228701 | 212287014 | 第一样本阅览室/ [索取号:G647.9-43/1387] | 在馆 | |
| 2 | 1228702 | 212287023 | 第四借阅区/ [索取号:G647.9-43/1387] | 在馆 | |
| 3 | 1228703 | 212287032 | 第四借阅区/ [索取号:G647.9-43/1387] | 在馆 | |
| 4 | 1228704 | 212287041 | 第四借阅区/ [索取号:G647.9-43/1387] | 在馆 |